Religion in Society: (Record no. 39046)
[ view plain ]
| 000 -LEADER | |
|---|---|
| fixed length control field | 01445nam a22001937a 4500 |
| 020 ## - INTERNATIONAL STANDARD BOOK NUMBER | |
| ISBN | 9789394262768 |
| 082 ## - DEWEY DECIMAL CLASSIFICATION NUMBER | |
| Classification number | 294 |
| Item number | PRA-R |
| 100 ## - MAIN ENTRY--AUTHOR NAME | |
| Personal name | Prasad, Birendra Nath |
| Relator term | author |
| 245 ## - TITLE STATEMENT | |
| Title | Religion in Society: |
| Sub Title | Social Dimensions of Buddhism, Hinduism and Jainism in India |
| Statement of responsibility, etc | By Birendra Nath Prasad |
| 260 ## - PUBLICATION, DISTRIBUTION, ETC. (IMPRINT) | |
| Place of publication | New Delhi: |
| Name of publisher | Manohar, |
| Year of publication | 2024. |
| 300 ## - PHYSICAL DESCRIPTION | |
| Number of Pages | 226p. |
| 520 ## - SUMMARY, ETC. | |
| Summary, etc | Through an analysis of archaeological and literary data, this book explores two interrelated themes: the socio-economic and cultic processes that resulted in the decline of Indian Buddhism in its last strongholds – Bihar and Bengal – towards the end of the early medieval period, and the patterns of revival of Buddhism in the neighbouring province of Uttar Pradesh, c. 2005-2011 ce. These themes have been explored by undertaking an analysis of the developments in the social histories of other competing religions: Hinduism, Jainism and Ājīvika-dharma. By placing emphasis on the religious praxis and behaviour of the non-elite segment of population, this book offers some significant ‘from below’ perspectives on the social histories of Buddhism, Hinduism, Jainism and Ājīvika-dharma in eastern and northern India. |
| 546 ## - LANGUAGE NOTE | |
| Language note | English |
| 650 ## - SUBJECT ADDED ENTRY--TOPICAL TERM | |
| Topical Term | Buddhism |
| Form subdivision | Social aspects |
| Geographic subdivision | India |
| 650 ## - SUBJECT ADDED ENTRY--TOPICAL TERM | |
| Topical Term | Hinduism |
| Form subdivision | Social aspects |
| Geographic subdivision | India |
| 650 ## - SUBJECT ADDED ENTRY--TOPICAL TERM | |
| Topical Term | Jainism |
| Form subdivision | Social aspects |
| Geographic subdivision | India |
| 650 ## - SUBJECT ADDED ENTRY--TOPICAL TERM | |
| Topical Term | Religion |
| General subdivision | Society |
| Geographic subdivision | India |
| 942 ## - ADDED ENTRY ELEMENTS (KOHA) | |
| Source of classification or shelving scheme | Dewey Decimal Classification |
| Koha item type | Books |
| Withdrawn status | Lost status | Damaged status | Not for loan | Home library | Current library | Date acquired | Source of acquisition | Cost, normal purchase price | Full call number | Accession Number | Cost, replacement price | Price effective from | Koha item type |
|---|---|---|---|---|---|---|---|---|---|---|---|---|---|
| NASSDOC Library | NASSDOC Library | 21/03/2024 | Rajasthani Granthagar | 974.70 | 294 PRA-R | 54093 | 1350.00 | 18/03/2024 | Books |
